People in Prayer: (Record no. 3960)

MARC details
000 -LEADER
fixed length control field 00479nam a22001817a 4500
003 - CONTROL NUMBER IDENTIFIER
control field GBCCL
005 - DATE AND TIME OF LATEST TRANSACTION
control field 20241126110507.0
008 - FIXED-LENGTH DATA ELEMENTS--GENERAL INFORMATION
fixed length control field 171219b xxu||||| |||| 00| 0 eng d
020 ## - INTERNATIONAL STANDARD BOOK NUMBER
International Standard Book Number 0851104010
040 ## - CATALOGING SOURCE
Transcribing agency gbc
082 ## - DEWEY DECIMAL CLASSIFICATION NUMBER
Classification number 248.32
Item number WHI
100 ## - MAIN ENTRY--PERSONAL NAME
Personal name White, John
9 (RLIN) 7388
245 ## - TITLE STATEMENT
Title People in Prayer:
Remainder of title Portraits from the Bible /
Statement of responsibility, etc. John White
260 ## - PUBLICATION, DISTRIBUTION, ETC.
Name of publisher, distributor, etc. Inter-Varsity Press,
Place of publication, distribution, etc. Leicester:
Date of publication, distribution, etc. 1992
300 ## - PHYSICAL DESCRIPTION
Extent 160 p.;
Dimensions 16 cm.
650 ## - SUBJECT ADDED ENTRY--TOPICAL TERM
Topical term or geographic name entry element Prayer
9 (RLIN) 332
942 ## - ADDED ENTRY ELEMENTS (KOHA)
Source of classification or shelving scheme Dewey Decimal Classification
Koha item type Books
Koha issues (borrowed), all copies 1
Holdings
Withdrawn status Lost status Source of classification or shelving scheme Damaged status Not for loan Home library Current Library Shelving location Date acquired Total checkouts Full call number Barcode Date last seen Date last checked out Copy number Price effective from Koha item type
    Dewey Decimal Classification     GRACE BIBLE COLLEGE GRACE BIBLE COLLEGE Ministry & Mission 2017-12-19 1 248.32 WHI 004344 2025-05-01 2023-01-27 c.1 2017-12-19 Books
© Grace Bible College Library 2025